00520nam a22001577a 450000500170000000800410001702000180005804100120007608200120008810000550010024500870015525000200024226000470026230000270030965000260033620231114063616.0231114b |||||||| |||| 00| 0 eng d a9780702120367 aEnglish a345 SOU aMilton, JRL ; Cowling, MG and Hoctor, SVlEnglish  aSouth African Criminal Law and Procedure / cJRL Milton, MG Cowling and SV Hoctor  aSecond Edition  aCape Town : bJuta and Company Ltd, c1998 bx, 94 pages ; c27 cm. aLegal practice bLaw